| 000 | 00587nam a2200157 a 4500 | ||
|---|---|---|---|
| 001 | 000023339 | ||
| 005 | 20200930022142.0 | ||
| 008 | 101202s1964 sp abc r 000 0 spa d | ||
| 040 |
_aDO-SdBNP _bspa _cBNPHU |
||
| 082 |
_annnn _bS161c |
||
| 100 | 1 |
_aSalcedo Hierro, Miguel, _948074 |
|
| 245 | 1 | 0 |
_aCórdoba y la Mezquita : _bguía de Córdoba, con un itinerario completo de visita, 217 fotografías, un plano de la ciudad y otro de la Mezquita / _cMiguel Salcedo Hierro. |
| 260 |
_aCórdoba, España : _b[s.n.] , _c1964. |
||
| 300 |
_a118 p. : _bil., retrs., mapas ; _c20 cm. |
||
| 049 | _aBNGR | ||
| 999 |
_c22836 _d22836 |
||